000 01711nam0a2200373 4500
001 RU\NLR\bibl\207487
005 20250619095735.0
010 _a5-203-01901-0
_bВ пер.
_95000
021 _aRU
_b2001-29058
_91389
035 _a(NLR Aleph) 000203729
090 _a1181207
_c1181207
100 _a20011114d2001 |||y0rusy50 ca
101 0 _arus
102 _aRU
105 _aah |||||||||
200 1 _aКазаки на Кавказском фронте, 1914-1917
_eЗап. полковника Кубан. казачьего войска в 13 брошюрах-тетр.
_fФ. И. Елисеев
_g[Предисл. П. Стрелянова (Калабухова)]
210 _aМ.
_cВоен. изд-во
_d2001
215 _a291,[1] с., [8] л. ил.
_cфакс.
_d21
225 1 _aРедкая книга
309 _aНа пер. только загл. сер.
601 0 2 _aКубанское казачье войско
_jВоспоминания, записки и т.п.
_xУчастие в Первой мировой войне
_z1914 - 1918
_92226407
_3RU\NLR\auth\661336542
610 0 _aКазачьи войска в первой мировой войне 1914-1918 гг.
610 0 _aКазачество кубанское в первой мировой войне 1914-1918 гг.
610 0 _aКавказ, история войн
675 _a355.486:357.1(47+57)"191"(093.3)
_v3
_zrus
686 _a63.3(2)524
_2rubbk
686 _aЦ35(2)523-59-21,013
700 1 _aЕлисеев
_gФедор Иванович
_4070
801 0 _aRU
_bRKP
_c20011114
_gPSBO
801 1 _aRU
_bRKP
_c20011114
801 2 _aRU
_bNLR
_c20011213
_grcr
942 _cBOOK
980 _aNB